000 00404nam a22001697a 4500
020 _a9965736030
082 _a550.92
_bBAK
100 _aBakenov, M. M.
245 _aSatpaev guidance/
_cM. M. Bakenov,
260 _aAlmaty:
_bkazNTU;
_c2008.
300 _a160p.
504 _aKazakh Language
563 _aPB
650 _aGeologists
_9133688
650 _aBiography
_9461
942 _2ddc
_cBK
999 _c616652
_d616652